[Event "Wch Team"]
[Site "Luzern"]
[Date "1993.??.??"]
[Round "4"]
[White "Malaniuk, Vladimir P"]
[Black "Serper, Grigory"]
[Result "1/2-1/2"]
[WhiteElo "2635"]
[BlackElo "2575"]

1.d4 d5 2.c4 c6 3.Nc3 Nf6 4.e3 e6 5.Nf3 Nbd7 6.Qc2 Bd6 7.g4 dxc4 8.Bxc4 b5
9.Be2 b4 10.Na4 Bb7 11.g5 Nd5 12.Nc5 Bxc5 13.dxc5 Qa5 14.e4 Ne7 15.Be3 Ba6
16.Bxa6 Qxa6 17.Qe2 Qxe2+ 18.Kxe2 f5 19.gxf6 gxf6 20.Rad1 f5 21.Ng5 fxe4
22.Rd6 Nf8 23.Nxe4 e5 24.f4 Nf5 25.Rxc6 exf4 26.Bf2 Ng6 27.Rf6 Nge7 28.Rd1 Rf8
29.Nd6+ Nxd6 30.Rxf8+ Kxf8 31.cxd6 Ng6 32.Bxa7 Ne5 33.Bc5 Ke8 34.Bxb4 Kd7
35.Bc3 Ng4 36.Kf3 Nxh2+ 37.Kxf4 h5 38.a3 Rf8+ 39.Kg5 Nf3+ 40.Kxh5 Rg8 41.a4 Ng1
42.Bb4 Ne2 43.Ba3 Ng3+ 44.Kh6 Nf5+ 45.Kh7 Rg7+ 46.Kh8 Ke6 47.d7 Rxd7 48.Rxd7 Kxd7
49.Bc5 Ng3 50.Bd4 Nf5 51.Bf2 Nd6 52.b4 Kc6 53.Kg8 Kd5 54.Kf8 Kc4 55.Be1 Nc8
56.Ke8 Nb6 57.a5 Nd5 58.Kd7 Kb5 59.Kc8 Ka6 60.b5+ Kxb5 61.Kb7 Ne7  1/2-1/2

[Event "Wch Team"]
[Site "Luzern"]
[Date "1993.??.??"]
[Round "6"]
[White "Serper, Grigory"]
[Black "Kramnik, Vladimir"]
[Result "1/2-1/2"]
[WhiteElo "2575"]
[BlackElo "2710"]

1.d4 d5 2.Nf3 c6 3.c4 Nf6 4.Nc3 e6 5.e3 Nbd7 6.Bd3 dxc4 7.Bxc4 b5 8.Bd3 Bb7
9.a3 b4 10.Ne4 a5 11.O-O Nxe4 12.Bxe4 Nf6 13.Bd3 Be7 14.Qe2 O-O 15.e4 c5
16.dxc5 Nd7 17.c6 Bxc6 18.Be3 Bb7 19.Rfc1 Qb8 20.axb4 axb4 21.Rxa8 Bxa8 22.Qc2 Rd8
23.h3 h6 24.Qc7 Qxc7 25.Rxc7 Bd6 26.Rc4 Ne5  1/2-1/2

[Event "Madrid"]
[Site "Madrid"]
[Date "1993.??.??"]
[Round "2"]
[White "Izeta Txabarri, Felix"]
[Black "Illescas Cordoba, Miguel"]
[Result "0-1"]
[WhiteElo "2505"]
[BlackElo "2615"]

1.d4 Nf6 2.Nf3 d5 3.c4 e6 4.Nc3 c6 5.e3 Nbd7 6.Qc2 Bd6 7.b3 O-O 8.Be2 b6
9.O-O Bb7 10.e4 dxe4 11.Nxe4 Nxe4 12.Qxe4 Nf6 13.Qh4 c5 14.dxc5 Bxc5 15.Bb2 Qe7
16.Bd3 h6 17.Rad1 Rad8 18.Ne5 Ne4 19.Qf4 Qg5 20.Qxg5 hxg5 21.Bxe4 Bxe4 22.Nd7 Bc2
23.Rd2 Rfe8 24.Bc3 Be7 25.Rxc2 Rxd7 26.h3 Red8 27.Re1 a5 28.Kf1 Bc5 29.Re5 Rd1+
30.Ke2 f6 31.Rxe6 Rg1 32.g3 Rh1 33.Bd2 Kf7 34.Rc6 Rxh3 35.Be3 Re8 36.Kf3 Bxe3
37.fxe3 f5 38.Rxb6 g4+ 39.Kf4 Rh5  0-1

[Event "Madrid"]
[Site "Madrid"]
[Date "1993.??.??"]
[Round "3"]
[White "San Segundo, Pablo"]
[Black "Anand, Viswanathan"]
[Result "1/2-1/2"]
[WhiteElo "2440"]
[BlackElo "2710"]

1.d4 d5 2.Nf3 c6 3.c4 e6 4.e3 Nf6 5.Nc3 Nbd7 6.Bd3 dxc4 7.Bxc4 b5 8.Bd3 Bb7
9.e4 b4 10.Na4 c5 11.e5 Nd5 12.O-O cxd4 13.Re1 g6 14.Bd2 a6 15.Be4 Qb8 16.Qc1 Qa7
17.Bh6 Rc8 18.Qd2 Ne7 19.Bxf8 Rxf8 20.Qxb4 Bxe4 21.Rxe4 d3 22.Rc4 Rd8 23.Nc3 Qb8
24.Qa5 Rh8 25.Rd1 Nb6 26.Rd4 Rxd4 27.Nxd4 Nbd5 28.Nxd5 Nxd5 29.Qxa6 Kf8 30.Qd6+ Kg7
31.Qxb8 Rxb8 32.b3 Nc3 33.Rxd3 Nxa2 34.Kf1 Nb4 35.Rc3 Nd5 36.Rc4 g5 37.g3 Kg6
38.h3 Ra8 39.Ra4 Rc8 40.Rc4 Ra8 41.Ra4  1/2-1/2

[Event "Madrid"]
[Site "Madrid"]
[Date "1993.??.??"]
[Round "7"]
[White "San Segundo, Pablo"]
[Black "Illescas Cordoba, Miguel"]
[Result "1/2-1/2"]
[WhiteElo "2440"]
[BlackElo "2615"]

1.d4 Nf6 2.Nf3 d5 3.c4 c6 4.Nc3 e6 5.e3 Nbd7 6.Bd3 dxc4 7.Bxc4 b5 8.Bd3 Bb7
9.e4 b4 10.Na4 c5 11.e5 Nd5 12.O-O h6 13.dxc5 a6 14.Re1 Nxc5 15.Nxc5 Bxc5
16.Nd2 Qb6 17.Ne4 Be7 18.Qg4 g5 19.a3 Rd8 20.Qe2 Qd4 21.Bxa6 Bxa6 22.Qxa6 Qxe5
23.Qa4+ Kf8 24.Bd2 Qxb2 25.axb4 Kg8 26.Qa7 Re8 27.Rab1 Qg7 28.b5 Kh7 29.b6 Ra8
30.Qd7 Rhd8 31.b7 Rab8 32.Qc6 f5 33.Ng3 Rd6 34.Qc8 Qg8 35.Rec1 Rd8 36.Qc2 Qf7
37.Ba5 Rd7 38.Qc6 Bf8 39.Re1 Nf4 40.Nf1 Rdxb7 41.Rxb7 Qxb7 42.Qxb7+ Rxb7
43.g3 Nd3 44.Rxe6 Bc5 45.Re2 Ra7 46.Bd2 Ra2 47.h3 f4 48.Kg2 h5 49.Re8 fxg3
50.fxg3 Bb4 51.Rd8 Ne5 52.Kh1 Bxd2 53.Rxd2  1/2-1/2

[Event "Madrid"]
[Site "Madrid"]
[Date "1993.??.??"]
[Round "8"]
[White "Illescas Cordoba, Miguel"]
[Black "Kramnik, Vladimir"]
[Result "1/2-1/2"]
[WhiteElo "2615"]
[BlackElo "2685"]

1.Nf3 d5 2.d4 c6 3.c4 Nf6 4.Nc3 e6 5.e3 Nbd7 6.Bd3 dxc4 7.Bxc4 b5 8.Bd3 Bb7
9.e4 b4 10.Na4 c5 11.e5 Nd5 12.O-O cxd4 13.Re1 g6 14.Bg5 Qa5 15.Nxd4 a6 16.a3 bxa3
17.bxa3 Bg7 18.Bd2 Qd8 19.Rb1 Rb8 20.Rxb7 Rxb7 21.Bxa6 Qa8 22.Bxb7 Qxb7 23.Bb4 Nxb4
24.axb4 Qxb4 25.Nc6 Qb7 26.Qd6 Bf8 27.Nc5 Bxd6 28.Nxb7 Bc7 29.Nd6+ Kf8 30.Ra1 Nxe5
31.Ra8+ Kg7 32.Rxh8 Nxc6 33.Rc8 Bxd6 34.Rxc6 Bf4 35.g4 f5 36.h3 fxg4 37.hxg4 Kf6
38.Kg2 h5 39.Kf3 Bb8  1/2-1/2

[Event "Manresa op"]
[Site "Manresa"]
[Date "1993.??.??"]
[Round "6"]
[White "Shevelev, Sergei"]
[Black "Spassov, Liuben"]
[Result "0-1"]
[WhiteElo "2395"]
[BlackElo "2430"]

1.d4 d5 2.c4 c6 3.Nc3 Nf6 4.e3 e6 5.Nf3 Nbd7 6.Qc2 Bd6 7.Be2 O-O 8.O-O dxc4
9.Bxc4 Qe7 10.e4 e5 11.h3 exd4 12.Nxd4 Ne5 13.Be2 Rd8 14.Nb3 Bc7 15.Be3 Ng6
16.f4 Bb6 17.Bxb6 axb6 18.e5 Nd5 19.Nxd5 Rxd5 20.Bd3 Ra4 21.e6 fxe6 22.Bxg6 hxg6
23.Qxg6 Bd7 24.Qg3 c5 25.Rf2 Qd6 26.Qe3 Rd3 27.Qc1 Re4 28.Qc2 Ba4 29.Raf1 c4
30.Rd2 Rxd2 31.Qxd2 Qd5 32.Qxd5 exd5 33.Nd2 Rd4 34.Rf2 Bd7 35.Kf1 b5 36.a3 Rd3
37.Ke2 Rg3 38.Nf3 Bf5 39.Nd4 Bd3+ 40.Ke1 Be4 41.Nxb5 Bxg2 42.Nd6 Bxh3 43.Nxb7 d4
44.Nd6 c3 45.bxc3 dxc3 46.Rc2 Bd7 47.Kf2 Rh3 48.Rc1 Ba4 49.Ne4 c2 50.Nc5 Bc6
51.Ne6 Rh1  0-1

[Event "Massy op2"]
[Site "Massy"]
[Date "1993.??.??"]
[Round "4"]
[White "Roeder, Mathias"]
[Black "Komarov, Dimitri"]
[Result "0-1"]
[WhiteElo "2425"]
[BlackElo "2525"]

1.d4 d5 2.c4 c6 3.Nc3 Nf6 4.e3 e6 5.Nf3 Nbd7 6.Qc2 Bd6 7.Be2 O-O 8.O-O Re8
9.Rd1 Qe7 10.b3 dxc4 11.Bxc4 b5 12.Be2 Bb7 13.Bb2 a6 14.a4 e5 15.Ne4 Nxe4
16.Qxe4 Nf6 17.Qh4 e4 18.Ne5 Qe6 19.Rdb1 Qxb3 20.Bc4 bxc4 21.Ba3 c5 22.Rxb3 cxb3
23.Nc4 Bf8 24.dxc5 Bd5 25.Nb6 Rab8 26.a5 Be6 27.h3 Rbd8 28.Qg5 Rd2 29.Rb1 h6
30.Qe5 Ra2 31.Bb4 Bxh3 32.Qc3 Be6 33.Rc1 Rd8 34.c6 Rd3 35.Qe1 Bxb4 36.Qxb4 Rdd2
37.c7 Rdc2 38.Rxc2 Ra1+ 39.Rc1 Rxc1+ 40.Kh2 Rxc7  0-1

[Event "Massy op"]
[Site "Massy"]
[Date "1993.??.??"]
[Round "5"]
[White "Bernard, Christophe"]
[Black "Boudre, Jean Pierre"]
[Result "1/2-1/2"]
[WhiteElo "2385"]
[BlackElo "2380"]

1.d4 Nf6 2.c4 c6 3.Nc3 d5 4.Nf3 e6 5.e3 Nbd7 6.Qc2 Bd6 7.Be2 O-O 8.O-O dxc4
9.Bxc4 b5 10.Bd3 Bb7 11.e4 e5 12.dxe5 Nxe5 13.Nxe5 Bxe5 14.h3 Re8 15.Be3 a6
16.Rae1 c5 17.Bxc5 Rc8 18.b4 Nd7 19.Nd5 Nxc5 20.bxc5 Bd4 21.Qb3 Bxc5 22.a4  1/2-1/2

[Event "AUS-ch op"]
[Site "Melbourne"]
[Date "1993.??.??"]
[Round "1"]
[White "Kagan, Issay"]
[Black "Jordan, William"]
[Result "1-0"]
[WhiteElo "2285"]
[BlackElo "2310"]

1.c4 Nf6 2.Nc3 e6 3.Nf3 d5 4.d4 c6 5.e3 Nbd7 6.Be2 Bd6 7.O-O O-O 8.b3 dxc4
9.bxc4 e5 10.Qc2 Re8 11.Rd1 Qc7 12.h3 b6 13.Bb2 Bb7 14.c5 Bf8 15.cxb6 axb6
16.dxe5 Nxe5 17.Nxe5 Qxe5 18.Nd5 Qxd5 19.Rxd5 Nxd5 20.Qb3 Bc8 21.Bc4 Be6
22.Rd1 b5 23.Bxd5 Bxd5 24.Rxd5 cxd5 25.Qxb5 Rab8 26.Qe2 Bc5 27.Qd2 Bf8 28.a4 Rb4
29.a5 Rc8 30.Bd4 Bc5 31.a6 Rc4 32.Be5 Ra4 33.Qd3 Bf8 34.Qb5 Ra2 35.Qb7 Re8
36.Bd4 Re6 37.a7 Rea6 38.g4 R6a5 39.Kg2 h6 40.h4 h5 41.gxh5 f6 42.Qd7 Kh7
43.Qf7 Bc5 44.Qg6+ Kh8 45.Bxc5 Rxc5 46.Qe8+ Kh7 47.a8=Q Rxa8 48.Qxa8 Rc4
49.Kg3 f5 50.Qxd5 f4+ 51.Kf3 Rb4 52.Qf5+ Kg8 53.h6 fxe3 54.h7+ Kh8 55.Qf8+  1-0

[Event "AUS-ch op"]
[Site "Melbourne"]
[Date "1993.??.??"]
[Round "4"]
[White "Ostrowski, Leszek"]
[Black "Booth, Stewart"]
[Result "1-0"]
[WhiteElo "2340"]
[BlackElo "2280"]

1.d4 d5 2.Nf3 c6 3.c4 Nf6 4.Nc3 e6 5.e3 Nbd7 6.Bd3 Bd6 7.O-O O-O 8.e4 dxe4
9.Nxe4 Nxe4 10.Bxe4 e5 11.dxe5 Nxe5 12.Nxe5 Bxe5 13.Qh5 f5 14.Bc2 g6 15.Qf3 Qc7
16.h3 Be6 17.Bb3 c5 18.Bh6 Rf7 19.Rae1 Bd7 20.Qd5 Re8 21.f4 Bxb2 22.Rxe8+ Bxe8
23.Re1 Qd7 24.Kh2 Bd4 25.Bd1 Kh8 26.Bf3 Qc8 27.Qd6 Ba4 28.Bd5 Rd7 29.Qe6 Rc7
30.Qxc8+ Rxc8 31.Re7 Bc2 32.Bxb7 Rd8 33.Bd5 a5 34.Ra7 Bc3 35.Bg5 Rb8 36.Rxa5 Kg7
37.Ra7+ Kh8 38.Be7 Bd4 39.Rc7 h5 40.Bxc5 Bg7 41.Bd6 Rb2 42.Rxg7  1-0

[Event "AUS-ch op"]
[Site "Melbourne"]
[Date "1993.??.??"]
[Round "7"]
[White "Laird, Craig"]
[Black "Johansen, Darryl K"]
[Result "1/2-1/2"]
[WhiteElo "2270"]
[BlackElo "2495"]

1.Nf3 Nf6 2.c4 c6 3.d4 d5 4.Nc3 e6 5.e3 Nbd7 6.Be2 dxc4 7.Bxc4 b5 8.Bd3 a6
9.O-O c5 10.b3 Bb7 11.Bb2 Bd6 12.Rc1 O-O 13.Qe2 Qe7 14.a4 cxd4 15.exd4 b4
16.Ne4 Nxe4 17.Bxe4 Nf6 18.Bxb7 Qxb7 19.Rc4 Nd5 20.Qe4 Rae8 21.Rfc1 f5 22.Qc2 h6
23.Rc6 Bb8 24.Re1 Nf4 25.Kf1 a5  1/2-1/2

[Event "AUS-ch op"]
[Site "Melbourne"]
[Date "1993.??.??"]
[Round "9"]
[White "Reilly, Tim"]
[Black "Booth, Stewart"]
[Result "1-0"]
[WhiteElo "2315"]
[BlackElo "2280"]

1.d4 d5 2.c4 c6 3.Nc3 Nf6 4.e3 e6 5.Nf3 Nbd7 6.Qc2 Be7 7.b3 O-O 8.Bd3 Re8
9.O-O dxc4 10.bxc4 c5 11.Bb2 b6 12.d5 e5 13.Ne4 Qc7 14.Nxf6+ Bxf6 15.Bxh7+ Kh8
16.Be4 Qd6 17.Qe2 g6 18.Nd2 Bg7 19.Bd3 f5 20.Bxf5 gxf5 21.Qh5+ Kg8 22.Qxe8+ Nf8
23.f4 Bb7 24.Qh5  1-0

[Event "Minsk"]
[Site "Minsk"]
[Date "1993.??.??"]
[Round "?"]
[White "Shipov, Sergei"]
[Black "Dragomarezkij, Evgeni"]
[Result "1/2-1/2"]
[WhiteElo "2490"]
[BlackElo "2465"]

1.d4 d5 2.c4 c6 3.Nf3 Nf6 4.e3 e6 5.Nc3 Nbd7 6.Qc2 Be7 7.Be2 O-O 8.O-O b6
9.e4 dxe4 10.Nxe4 Bb7 11.Nxf6+ Nxf6 12.Bf4 c5 13.dxc5 Be4 14.Qc3 Bxc5 15.Rad1 Qc8
16.Be5 Be7 17.Ng5 Bc6 18.Qc2 g6 19.Qc3 Ne4 20.Nxe4 Bxe4 21.Rd4 Qb7 22.Rfd1 Rfd8
23.Rxd8+ Rxd8 24.Rxd8+ Bxd8 25.f3 Bc6 26.b4 Be7 27.a3 Qd7 28.Kf2 Qd8 29.Qd3 Qf8
30.Qe3 Qc8 31.Bd3 Qd7 32.Qd4 f6 33.Qxd7 Bxd7 34.Bb8 a5 35.Bc7 axb4 36.axb4 Bxb4
37.Bxb6 Bc6 38.Ke3 Bd6 39.h3 f5 40.g4 Bh2 41.Ke2  1/2-1/2

[Event "Minsk"]
[Site "Minsk"]
[Date "1993.??.??"]
[Round "?"]
[White "Dydyshko, Viacheslav"]
[Black "Dragomarezkij, Evgeni"]
[Result "1/2-1/2"]
[WhiteElo "2490"]
[BlackElo "2465"]

1.d4 d5 2.c4 c6 3.Nc3 Nf6 4.e3 e6 5.Nf3 Nbd7 6.Qc2 Be7 7.b3 O-O 8.Bb2 b6
9.Bd3 Bb7 10.O-O Qc7 11.Rac1 Rac8 12.Rfe1 Rfd8 13.e4 dxe4 14.Nxe4 Nxe4 15.Rxe4 Nf6
16.Rh4 h6 17.Rh3 c5 18.dxc5 Qxc5 19.Ne5 b5 20.Qe2 bxc4 21.bxc4 Rc7 22.Rg3 Kf8
23.Re1 Bc8 24.h3 Qa5 25.Kh2 Rc5 26.f4 Bd6 27.Kh1 Qc7 28.Rxg7 Kxg7 29.Ng4 Bxf4
30.Bxf6+ Kf8 31.Qe4 Bg5 32.Bxd8 Qxd8 33.Qh7 Qd4 34.Nxh6 Qg7 35.Qxg7+ Kxg7
36.Ng4 f5 37.Ne3 Ra5 38.Bb1 Ra3 39.Nc2 Rc3 40.Nd4 Rxc4 41.Nf3 Bf4 42.Bd3 Rc3
43.Bb5 Kf6 44.Kg1 Bg3 45.Rd1 Rc2 46.Ra1 Bb7 47.a4 e5 48.Rf1 a6 49.Bd3 Rb2
50.Rb1 Rxb1+ 51.Bxb1 a5 52.Bc2 Bd5 53.Bd1 Bc4 54.Nd2 Bd3 55.Nb3 Be1 56.g4 f4
57.Nc5 Bb1 58.Bf3 Kg5 59.Ne4+ Kh6 60.Nd6 Bc3  1/2-1/2

[Event "BLR-ch"]
[Site "Minsk"]
[Date "1993.??.??"]
[Round "?"]
[White "Ryskin, Alexander"]
[Black "Kupreichik, Viktor D"]
[Result "0-1"]
[WhiteElo "2505"]
[BlackElo "2560"]

1.d4 Nf6 2.c4 e6 3.Nf3 d5 4.Nc3 c6 5.e3 Nbd7 6.Be2 dxc4 7.a4 Bb4 8.Bxc4 O-O
9.O-O Qe7 10.Ba2 c5 11.Ne5 Rd8 12.Qe2 Nb6 13.Rd1 Bd7 14.Bb3 Bc6 15.Nxc6 bxc6
16.dxc5 Rxd1+ 17.Bxd1 Qxc5 18.Bd2 Rd8 19.Be1 Nfd5 20.Qc2 Nxc3 21.bxc3 Ba5
22.Be2 g6 23.g3 Nc4 24.Rd1 Rxd1 25.Bxd1 Qa3 26.Qb3 Qc5 27.Kg2 Qd5+ 28.Kg1 Kg7
29.Be2 Nxe3 30.Qxd5 Nxd5 31.Bf3 f5 32.Bd2 h6 33.g4 e5 34.gxf5 gxf5 35.Kf1 Ne7
36.Ke2 e4 37.Bh5 Nd5 38.c4 Nf6 39.Bxa5 Nxh5 40.Ke3 Nf6 41.h3 Kf7 42.Bd2 Nd7
43.Kd4 h5 44.Bf4 Ke6 45.c5 Nf6 46.Bb8 a6 47.Bf4 Nd5 48.Bd2 Kf6 49.h4 Ke6
50.Ba5 Nf6 51.Bc7 Nd5 52.Ba5 Nf4 53.Bd8 Nh3 54.Ke3 Kd5 55.Be7 f4+  0-1

[Event "Minsk op"]
[Site "Minsk"]
[Date "1993.??.??"]
[Round "2"]
[White "Kalinin, Oleg"]
[Black "Danielian, Mikael"]
[Result "1-0"]
[WhiteElo "2420"]
[BlackElo "2250"]

1.d4 d5 2.c4 c6 3.Nc3 Nf6 4.Nf3 e6 5.e3 Nbd7 6.Bd3 Bd6 7.e4 dxe4 8.Nxe4 Nxe4
9.Bxe4 O-O 10.O-O f5 11.Bc2 e5 12.Bg5 Be7 13.Bxe7 Qxe7 14.Nxe5 Nxe5 15.Re1 Qh4
16.Rxe5 Bd7 17.Qd2 Rf6 18.f4 Raf8 19.Rae1 g5 20.g3 Qh3 21.fxg5 R6f7 22.Qf4 Qg4
23.Bd1 Qh3 24.c5 Kh8 25.Re7  1-0

[Event "Mlada Boleslav op"]
[Site "Mlada Boleslav"]
[Date "1993.??.??"]
[Round "?"]
[White "Adamek, Zdenek"]
[Black "Spesny, Jan"]
[Result "1-0"]
[WhiteElo "2095"]
[BlackElo "2320"]

1.d4 d5 2.c4 c6 3.Nf3 Nf6 4.e3 e6 5.Nc3 Be7 6.Bd3 Nbd7 7.O-O O-O 8.b3 b6
9.Bb2 Bb7 10.Qe2 c5 11.Rfd1 Qc7 12.Rac1 dxc4 13.bxc4 a6 14.d5 e5 15.Ne4 Nxe4
16.Bxe4 Bd6 17.Bf5 Rae8 18.e4 Nf6 19.Bc3 g6 20.Bh3 Kg7 21.Re1 Nh5 22.g3 Kg8
23.Qb2 f6 24.Rb1 b5 25.cxb5 axb5 26.Qxb5 Rb8 27.Qd7 Qxd7 28.Bxd7 Ba6 29.Nd2 Bd3
30.Rxb8 Rxb8 31.Bc6 c4 32.a4 Bc5 33.a5 Kf7 34.a6 Ng7 35.Ra1 Ba7 36.Ra4 Ke7
37.Nxc4 Rb1+ 38.Kg2 Rc1 39.Bb4+ Kd8 40.Nd2 Ne8 41.Ra3  1-0

[Event "Mlada Boleslav op"]
[Site "Mlada Boleslav"]
[Date "1993.??.??"]
[Round "?"]
[White "Golod, Vitali"]
[Black "Voloshin, Leonid"]
[Result "1-0"]
[WhiteElo "2490"]
[BlackElo "2410"]

1.d4 d5 2.c4 c6 3.Nf3 Nf6 4.Nc3 e6 5.e3 Nbd7 6.Qc2 Bd6 7.Be2 O-O 8.O-O Re8
9.Rd1 Qe7 10.h3 h6 11.a3 a6 12.b3 dxc4 13.bxc4 e5 14.Nh4 Nf8 15.Nf5 Bxf5
16.Qxf5 exd4 17.exd4 Rad8 18.g3 Qd7 19.Qxd7 Rxd7 20.Kg2 Bb8 21.Ra2 Ng6 22.Bf3 Red8
23.Ne2 Ba7 24.Be3 Bb8 25.Rb1 Rc8 26.a4 Bd6 27.Rab2 Rcc7 28.Nc3 Ba3 29.Ra2 Bd6
30.Rab2 Ba3 31.Rd2 Bf8 32.a5 Re7 33.Rbb2 Red7 34.Rb6 Bd6 35.Rb3 Kf8 36.Na4 Kg8
37.Nb6 Rd8 38.Na4 Rdd7 39.Nc3 Bf8 40.Kf1 Bd6 41.Kg1 Kf8 42.Kg2 Kg8 43.Ne2 Kf8
44.Rdb2 Kg8 45.Nc3 Bf8 46.Rb1 c5 47.Nd5 Nxd5 48.Bxd5 cxd4 49.Bxd4 Bc5 50.Bxc5 Rxc5
51.Rxb7 Rxb7 52.Rxb7 Ne5 53.f4 Nxc4 54.Bxf7+ Kf8 55.Bxc4 Rxc4 56.Rb6 Kg8
57.Rxa6 h5 58.Rg6 Ra4 59.Rg5 h4 60.gxh4 Rxf4 61.Rg4 Rf6 62.Ra4 Ra6 63.Kf3 Kh7
64.Ke4 Kg6 65.Kd5 Kh5 66.Kc5  1-0

[Event "Mlada Boleslav op"]
[Site "Mlada Boleslav"]
[Date "1993.??.??"]
[Round "?"]
[White "Capek, Ivan"]
[Black "Kacheishvili, Giorgi"]
[Result "0-1"]
[WhiteElo "2210"]
[BlackElo "2405"]

1.Nf3 d5 2.d4 Nf6 3.c4 c6 4.e3 e6 5.Nc3 Nbd7 6.Qc2 Bd6 7.b3 e5 8.cxd5 Nxd5
9.Bb2 exd4 10.Nxd4 N7f6 11.Bc4 O-O 12.a3 Re8 13.Nxd5 Nxd5 14.Bd3 Qh4 15.O-O-O Qe7
16.Bxh7+ Kf8 17.e4 Nf6 18.Bf5 Bxa3 19.Bxc8 Raxc8 20.f3 g6 21.h4 Bxb2+ 22.Qxb2 a6
23.h5 c5 24.Ne2 c4 25.b4 c3 26.Qb3 Nxh5 27.g4 Qg5+ 28.Kc2 Qe3 29.Nxc3 Rc7
30.Rd3 Qe2+ 31.Rd2 Qxf3 32.Rhd1 Nf6 33.Kb2 Rxc3 34.Qxc3 Qxc3+ 35.Kxc3 Nxe4+
36.Kb3 Nxd2+ 37.Rxd2 Re3+ 38.Ka4 Re4 39.g5 Re5  0-1

[Event "Mlada Boleslav op"]
[Site "Mlada Boleslav"]
[Date "1993.??.??"]
[Round "?"]
[White "Voloshin, Leonid"]
[Black "Kuporosov, Viktor"]
[Result "1/2-1/2"]
[WhiteElo "2410"]
[BlackElo "2500"]

1.d4 d5 2.c4 c6 3.Nc3 Nf6 4.e3 e6 5.Nf3 Nbd7 6.Bd3 dxc4 7.Bxc4 b5 8.Bd3 Bb7
9.e4 b4 10.Na4 c5 11.e5 Nd5 12.O-O h6 13.dxc5 Bxc5 14.Nxc5 Nxc5 15.Bb5+ Kf8
16.h4 Qb6 17.Bc4 Rd8 18.Qe2 Ke7 19.Bd2 Rd7  1/2-1/2

[Event "Mlada Boleslav op"]
[Site "Mlada Boleslav"]
[Date "1993.??.??"]
[Round "?"]
[White "Stohl, Igor"]
[Black "Bashkov, Viacheslav"]
[Result "1/2-1/2"]
[WhiteElo "2545"]
[BlackElo "2430"]

1.c4 e6 2.Nc3 d5 3.d4 c6 4.e3 Nf6 5.Nf3 Nbd7 6.Bd3 dxc4 7.Bxc4 b5 8.Bd3 a6
9.e4 c5 10.d5 c4 11.Bc2 Qc7 12.O-O e5 13.Qe2 Be7 14.Nd1 O-O 15.b3 c3 16.a3 Bb7
17.b4 a5 18.Rb1 axb4 19.axb4 Rac8 20.Bg5 h6 21.Bxf6 Nxf6 22.Rb3 Qc4 23.Qe3 Nd7
24.Qc1  1/2-1/2

[Event "Amber-blind 2nd"]
[Site "Monte Carlo"]
[Date "1993.??.??"]
[Round "5"]
[White "Polugaevsky, Lev"]
[Black "Ljubojevic, Ljubomir"]
[Result "0-1"]
[WhiteElo "2635"]
[BlackElo "2605"]

1.d4 d5 2.c4 c6 3.Nf3 Nf6 4.Nc3 e6 5.e3 Nbd7 6.Bd3 Be7 7.O-O O-O 8.b3 b6
9.Bb2 Bb7 10.Qe2 c5 11.cxd5 exd5 12.Rfd1 a6 13.Rac1 Bd6 14.Bf5 Re8 15.Bh3 Bc6
16.g3 Qc7 17.Bg2 Qb7 18.Nh4 Bf8 19.Qd2 Rad8 20.dxc5 Nxc5 21.Nf5 d4 22.Bxc6 dxc3
23.Qe2 Qxc6 24.Bxc3 a5 25.Nd4 Qb7 26.Bxa5 bxa5  0-1

[Event "Moscow blitz"]
[Site "Moscow"]
[Date "1993.??.??"]
[Round "?"]
[White "Epishin, Vladimir"]
[Black "Khalifman, Alexander"]
[Result "1/2-1/2"]
[WhiteElo "2620"]
[BlackElo "2630"]

1.d4 Nf6 2.c4 e6 3.Nf3 d5 4.Nc3 c6 5.e3 Bd6 6.Be2 O-O 7.O-O Nbd7 8.cxd5 cxd5
9.Nb5 Bb8 10.Qc2 e5 11.dxe5 Nxe5 12.Nbd4 a6 13.Bd2 Bg4 14.Nxe5 Bxe5 15.Bxg4 Nxg4
16.Nf3 Qd6 17.h3 Nh2 18.Nxe5 Nxf1 19.Bc3 Rac8 20.Qd3 Nxe3 21.fxe3 Rfe8 22.Nf3  1/2-1/2

[Event "Moscow blitz"]
[Site "Moscow"]
[Date "1993.??.??"]
[Round "?"]
[White "Ljubojevic, Ljubomir"]
[Black "Ivanovic, Bozidar"]
[Result "1-0"]
[WhiteElo "2605"]
[BlackElo "2470"]

1.d4 d5 2.c4 c6 3.Nf3 Nf6 4.Nc3 e6 5.e3 Nbd7 6.Qc2 Bd6 7.Be2 O-O 8.O-O dxc4
9.Bxc4 e5 10.h3 Qe7 11.a3 h6 12.Nh4 Qd8 13.Nf5 Bc7 14.Rd1 Qe8 15.Ba2 exd4
16.exd4 Nb6 17.Nxh6+ Kh8 18.Bg5 Qe7 19.Nf5 Qd7 20.Bxf6 Qxf5 21.Qxf5 Bxf5
22.Be5 Rac8 23.Rac1 Bxe5 24.dxe5 Rfe8 25.f4 f6 26.exf6 gxf6 27.Rd6 Kg7 28.Rcd1 Re3
29.Kf2 Rce8 30.g4 Bh7 31.Rh1 Be4 32.Kxe3 Bxh1+  1-0

[Event "Moscow blitz"]
[Site "Moscow"]
[Date "1993.??.??"]
[Round "?"]
[White "Sherbakov, Ruslan"]
[Black "Ivanovic, Bozidar"]
[Result "1-0"]
[WhiteElo "2570"]
[BlackElo "2470"]

1.d4 d5 2.c4 c6 3.Nc3 Nf6 4.Nf3 e6 5.e3 Be7 6.Bd3 Nbd7 7.b3 b6 8.O-O Bb7
9.Qe2 O-O 10.Bb2 Qb8 11.h3 Rd8 12.Rfd1 c5 13.cxd5 exd5 14.Bf5 Bf8 15.dxc5 bxc5
16.Rac1 a6 17.Ba3 Qa7 18.Na4 Bc6 19.Bxd7 Nxd7 20.Nc3 Nf6 21.Ne5 Bb7 22.Na4 Rac8
23.Bb2 Ba8 24.Ng4 Nxg4 25.Qxg4 Rc6 26.Qe2 Rg6 27.f3 Bc6 28.Qf2 Bxa4 29.bxa4 Qd7
30.Qc2 Qe6 31.Re1 h6 32.Ba3 Rc8 33.Kh1 Rg3 34.Qf2 Rg5 35.Rc2 Qd7 36.Rec1  1-0

[Event "Muenster op"]
[Site "Muenster"]
[Date "1993.??.??"]
[Round "2"]
[White "Kalinitschew, Sergey"]
[Black "Essing, Arnold"]
[Result "1-0"]
[WhiteElo "2510"]
[BlackElo "2050"]

1.d4 d5 2.c4 e6 3.Nf3 Nf6 4.Nc3 c6 5.e3 Nbd7 6.Be2 Bd6 7.Qc2 Qe7 8.O-O dxc4
9.Bxc4 e5 10.Bd2 O-O 11.h3 h6 12.Nh4 Nb6 13.Ng6 Qc7 14.Bb3 Re8 15.Nxe5 Bxe5
16.dxe5 Qxe5 17.e4 Be6 18.Rfe1 Nh5 19.Rad1 Nc4 20.Bc1 Rad8 21.Qe2 b5 22.Qf3 b4
23.Ne2 Rxd1 24.Rxd1 Nf6 25.Nd4 Na5 26.Nxe6 fxe6 27.Bc2 Rf8 28.Qe3 Nc4 29.Qd4 Qxd4
30.Rxd4 Ne5 31.Rxb4 Rd8 32.Be3 a5 33.Rd4 Rb8 34.Bb3 c5 35.Bxe6+ Kf8 36.Ra4 Rb5  1-0

[Event "Muenster op"]
[Site "Muenster"]
[Date "1993.??.??"]
[Round "4"]
[White "Lagunow, Alexander"]
[Black "Dokhoian, Yury"]
[Result "0-1"]
[WhiteElo "2420"]
[BlackElo "2550"]

1.c4 e6 2.Nf3 d5 3.d4 Nf6 4.Nc3 c6 5.e3 Nbd7 6.Bd3 dxc4 7.Bxc4 b5 8.Bd3 a6
9.e4 c5 10.d5 c4 11.dxe6 fxe6 12.Bc2 Qc7 13.O-O Bb7 14.Qe2 Bd6 15.Nd4 Nc5
16.f4 e5 17.Nf5 O-O 18.Nxd6 Qxd6 19.fxe5 Qxe5 20.Rf5 Qc7 21.Bf4 Qc6 22.Nd5 Nxd5
23.exd5 Qd7 24.Qg4 Bxd5 25.Rd1 Rxf5 26.Bxf5 Qf7 27.Bd6 Nd3 28.Bxd3 Qa7+ 29.Kh1 cxd3
30.Rxd3 Qf2 31.Rd1 Rd8 32.h3 Rxd6 33.Rxd5 Qe1+ 34.Kh2 Rxd5 35.Qc8+ Kf7 36.Qb7+ Ke6
37.Qc6+ Kf5 38.Qxd5+ Qe5+ 39.Qxe5+ Kxe5 40.Kg3 Ke4  0-1

[Event "Muenster op"]
[Site "Muenster"]
[Date "1993.??.??"]
[Round "7"]
[White "Libeau, Rene"]
[Black "Prang, Edgar"]
[Result "0-1"]
[WhiteElo "2425"]
[BlackElo "2290"]

1.c4 e6 2.Nf3 d5 3.d4 c6 4.e3 Nf6 5.Nc3 Nbd7 6.Qc2 Bd6 7.b3 O-O 8.Be2 e5
9.O-O e4 10.Ne1 Re8 11.f3 exf3 12.Bxf3 Nf8 13.g3 Bh3 14.Ng2 Rc8 15.Qd3 Bb4
16.Nd1 Qd7 17.Bd2 Bf5 18.Qe2 Bd6 19.Nf2 Ne6 20.Qd1 Ng5 21.Nh4 Nxf3+ 22.Qxf3 Be4
23.Nxe4 Nxe4 24.Rad1 Qe6 25.c5 Bf8 26.Ng2 g6 27.Bc1 f5 28.Rd3 Bg7 29.Qd1 Re7
30.b4 Rce8 31.a4 Qd7 32.Rb3 Nf6 33.b5 Ng4 34.Qd3 Re4 35.bxc6 bxc6 36.Qa6 Bh6
37.Rb7 Qe6 38.Qxa7 Rxe3 39.Rxh7 Re2 40.Bxh6 Rxg2+ 41.Kxg2 Qe2+  0-1

[Event "Sportland NRW-Cup"]
[Site "Muenster"]
[Date "1993.??.??"]
[Round "7"]
[White "Dao Thien Hai"]
[Black "Polgar, Sofia"]
[Result "1/2-1/2"]
[WhiteElo "2565"]
[BlackElo "2430"]

1.d4 d5 2.c4 e6 3.Nc3 c6 4.e3 Nf6 5.Nf3 Nbd7 6.Qc2 Bd6 7.a3 O-O 8.b4 a5 9.b5 c5
10.cxd5 exd5 11.Be2 b6 12.Bb2 Bb7 13.O-O Rc8 14.Rfd1 Qe7 15.Qb3 h6 16.Qa2 Qe6
17.h3 Bb8 18.Rac1 c4 19.Nd2 Qd6 20.Nf1 Nh7 21.a4 Qe6 22.Ba3 Rfe8 23.e4 dxe4
24.Ne3 Ndf6 25.Bxc4 Qd7 26.Ncd5 Rxc4 27.Nxf6+ Nxf6 28.Rxc4 Nd5 29.Qc2 f5
30.Rc6 f4 31.Nxd5 Qxd5 32.Rxb6 e3 33.Rxb7 Qxb7 34.Re1 Qd5 35.Bc5 Re6 36.f3 Bc7
37.Rb1 Bd8 38.Qe2 Bb6 39.Rc1 Qb3 40.Bxb6 Rxb6 41.Qc4+ Qxc4 42.Rxc4 Kf7 43.Kf1 Ke6
44.Ke2 Kd7 45.d5 Rf6 46.g3 fxg3 47.Rg4 g5 48.Rxg3 Rf4 49.Rg4 h5 50.Rxg5 Rxa4
51.Rg6 Rd4 52.Ra6 a4 53.Kxe3 Rxd5 54.b6 Rb5 55.Rxa4 Rxb6 56.Ra5 Ke6 57.Rxh5 Rb4
58.Kf2 Kf6 59.Kg3 Kg6 60.Re5 Rb1 61.h4 Rg1+ 62.Kf4 Rh1 63.Rg5+ Kh6 64.Rg4 Ra1
65.Rg5 Rh1 66.Kg4 Rg1+ 67.Kf5 Rh1 68.h5 Ra1 69.f4 Re1 70.Rg3 Re8 71.Rg5 Re1
72.Rg8 Rf1 73.Re8 Rf2 74.Re1 Ra2 75.Kf6 Ra8 76.Kf7 Kxh5 77.f5 Kh6 78.f6 Ra2
79.Re7 Ra8 80.Rd7 Kh7 81.Rb7 Kh6 82.Rd7 Kh7 83.Rd2 Ra7+ 84.Ke6 Ra6+ 85.Ke7 Ra7+
86.Rd7 Ra8 87.Ke6+ Kg6 88.Rg7+ Kh6  1/2-1/2

[Event "Sportland NRW-Cup"]
[Site "Muenster"]
[Date "1993.??.??"]
[Round "8"]
[White "Telljohann, Sven"]
[Black "Polgar, Sofia"]
[Result "1/2-1/2"]
[WhiteElo "2370"]
[BlackElo "2430"]

1.d4 d5 2.c4 e6 3.Nf3 Nf6 4.Nc3 c6 5.e3 Nbd7 6.Qc2 Bd6 7.Be2 O-O 8.O-O Qe7
9.e4 dxe4 10.Nxe4 Nxe4 11.Qxe4 e5 12.Bg5 Nf6 13.Bxf6 gxf6 14.dxe5 fxe5 15.c5 Bc7
16.Bc4 Be6 17.Rfe1 Rae8 18.Nxe5 Qxc5 19.Bxe6 Bxe5 20.Qxe5 Qxe5 21.Rxe5 Rxe6
22.Rxe6 fxe6 23.Rd1 Rf7 24.Rd6 Re7 25.f4 c5 26.Kf2 Kf7 27.g4 Rc7 28.Ke2 Ke7
29.Rd3 b5 30.Kd2 a5 31.g5 c4 32.Re3 Rd7+ 33.Kc3 Kf7 34.Rh3 Kg6 35.Re3 Kf5
36.h4 Kxf4 37.Rxe6 Rd3+ 38.Kc2 Rh3 39.Rh6 b4 40.Rxh7 Rh2+ 41.Kc1 Rh1+ 42.Kc2 Rh2+  1/2-1/2